Warrior cats wing names - Statistics

General Stats
  • This quiz has been taken 84 times
    35 since last reset
  • The average score is 16 of 34
Answer Stats
% Correct
RobinwingRc
100%
RobinwingSkc
100%
RobinwingTc
100%
RobinwingWc
100%
Dovewing
89%
Whitewing
89%
Hawkwing
78%
Birdwing
56%
LarkwingAvos
56%
LarkwingFq
56%
LarkwingMv
56%
Ravenwing
56%
Thrushwing
56%
HeronwingRc
44%
HeronwingTc
44%
Mousewing
44%
Brackenwing
33%
Eaglewing
33%
Gray wing
33%
Graywing
33%
Icewing
33%
Kestrelwing
33%
Mothwing
33%
Nightwing
33%
Swiftwing
33%
Blizzardwing
22%
Brindlewing
22%
Kite wing
22%
Featherwing
11%
Hazelwing
11%
Perchwing
11%
Softwing
11%
Starlingwing
11%
Stonewing
11%
No matching quizzes found
Score Distribution
Percent of People with Each Score
Percentile by Number Answered
Your Score History
You have not taken this quiz since the last reset